The drawing of the three / (Record no. 233083)
[ view plain ]
| 000 -LEADER | |
|---|---|
| fixed length control field | 01195cam a2200349 a 4500 |
| 001 - CONTROL NUMBER | |
| control field | 4795139 |
| 003 - CONTROL NUMBER IDENTIFIER | |
| control field | Nust |
| 005 - DATE AND TIME OF LATEST TRANSACTION | |
| control field | 20170302094133.0 |
| 008 - FIXED-LENGTH DATA ELEMENTS--GENERAL INFORMATION | |
| fixed length control field | 871202s1987 riuaf 000 1 eng |
| 010 ## - LIBRARY OF CONGRESS CONTROL NUMBER | |
| LC control number | 87207352 |
| 020 ## - INTERNATIONAL STANDARD BOOK NUMBER | |
| International Standard Book Number | 9780340832240 |
| 040 ## - CATALOGING SOURCE | |
| Original cataloging agency | DLC |
| Transcribing agency | DLC |
| Modifying agency | DLC |
| -- | OCoLC |
| 050 00 - LIBRARY OF CONGRESS CALL NUMBER | |
| Classification number | PS3561.I483 |
| Item number | D74 1987 |
| 082 00 - DEWEY DECIMAL CLASSIFICATION NUMBER | |
| Classification number | 813.54 |
| Author Mark | KIN |
| 100 1# - MAIN ENTRY--PERSONAL NAME | |
| Personal name | King, Stephen, |
| Dates associated with a name | 1947- |
| 245 14 - TITLE STATEMENT | |
| Title | The drawing of the three / |
| Statement of responsibility, etc. | Stephen King ; illustrated by Phil Hale. |
| 250 ## - EDITION STATEMENT | |
| Edition statement | 1st ed. |
| 260 ## - PUBLICATION, DISTRIBUTION, ETC. | |
| Place of publication, distribution, etc. | West Kingston, R.I. : |
| Name of publisher, distributor, etc. | Donald M. Grant, |
| Date of publication, distribution, etc. | 1987. |
| 300 ## - PHYSICAL DESCRIPTION | |
| Extent | 455 p. : |
| Dimensions | 24 cm. |
| 490 1# - SERIES STATEMENT | |
| Series statement | The Dark tower ; |
| Volume/sequential designation | 2 |
| 500 ## - GENERAL NOTE | |
| General note | LC copy has dust jacket. |
| Institution to which field applies | DLC |
| 500 ## - GENERAL NOTE | |
| General note | Source: Copyright deposit, Sept. 1, 1987. |
| Institution to which field applies | DLC |
| 650 #0 - SUBJECT ADDED ENTRY--TOPICAL TERM | |
| Topical term or geographic name entry element | Roland (Fictitious character : King) |
| Form subdivision | Fiction. |
| 655 #7 - INDEX TERM--GENRE/FORM | |
| Genre/form data or focus term | Fantasy fiction. |
| Source of term | gsafd |
| 700 1# - ADDED ENTRY--PERSONAL NAME | |
| Personal name | Hale, Phil, |
| Relator term | ill. |
| 800 1# - SERIES ADDED ENTRY--PERSONAL NAME | |
| Personal name | King, Stephen, |
| Dates associated with a name | 1947- |
| Title of a work | Dark tower ; |
| Volume/sequential designation | 2. |
| 906 ## - LOCAL DATA ELEMENT F, LDF (RLIN) | |
| a | 7 |
| b | cbc |
| c | orignew |
| d | 2 |
| e | ncip |
| f | 19 |
| g | y-gencatlg |
| 942 ## - ADDED ENTRY ELEMENTS (KOHA) | |
| Source of classification or shelving scheme | |
| Koha item type | Book |
| Withdrawn status | Lost status | Source of classification or shelving scheme | Damaged status | Not for loan | Permanent Location | Current Location | Shelving location | Date acquired | Total Checkouts | Total Renewals | Full call number | Barcode | Date last seen | Date last checked out | Copy number | Price effective from | Koha item type |
|---|---|---|---|---|---|---|---|---|---|---|---|---|---|---|---|---|---|
| Central Library (CL) | Central Library (CL) | Fiction | 03/02/2017 | 5 | 6 | 813.54 KIN | CL1113 | 02/12/2025 | 07/08/2024 | 1 | 03/02/2017 | Book |
